[Event "AUS-ch Major"]
[Site "Parramatta"]
[Date "2008.01.08"]
[Round "8"]
[White "Stojic, Svetozar"]
[Black "Abbot, Peter"]
[Result "1/2-1/2"]
[WhiteElo "1903"]
[BlackElo "1806"]
[PlyCount "105"]
[EventDate "2008.01.02"]
[EventType "swiss"]
[EventRounds "11"]
[EventCountry "AUS"]
[SourceTitle "EXT 2010"]
[Source "ChessBase"]
[SourceDate "2010.11.25"]
[SourceVersion "1"]
[SourceVersionDate "2010.11.25"]
[SourceQuality "1"]

1. e4 Nf6 2. e5 Nd5 3. d4 d6 4. c4 Nb6 5. f4 dxe5 6. fxe5 Nc6 7. Be3 Bf5 8. Nc3 e6 9. Nf3 Bg4 10. Be2 Bxf3 11. gxf3 Qh4+ 12. Bf2 Qf4 13. c5 Nd7 14. Qd2 Qxd2+ 15. Kxd2 Be7 16. Rhg1 g6 17. Rad1 0-0-0 18. Kc2 Nb4+ 19. Kb3 Nd5 20. Nxd5 exd5 21. Rc1 c6 22. Kc3 Kc7 23. Bg3 Kc8 24. b4 Nf8 25. b5 Ne6 26. Rb1 Kc7 27. Rb3 Ra8 28. Rgb1 Rhb8 29. a4 b6 30. bxc6 Kxc6 31. a5 Kc7 32. cxb6+ axb6 33. axb6+ Kb7 34. Rb5 Rc8+ 35. Kd3 Ra3+ 36. R1b3 Rc4 37. Bf2 Rxb3+ 38. Rxb3 Nf4+ 39. Kd2 Nxe2 40. Kxe2 Rb4 41. Rxb4 Bxb4 42. f4 Kxb6 43. Kf3 Kc6 44. Kg4 h5+ 45. Kh4 Be7+ 46. Kg3 Kd7 47. Kf3 Ke6 48. Be3 Kf5 49. Bf2 Bb4 50. Be3 Bc3 51. h3 Bb2 52. Bf2 Bc1 53. Be3 1/2-1/2